00589nam a2200205 a 4500001001300000003000900013005001700022008004100039020002200080082001500102100002700117245008100144260003800225300000900263500003500272505001600307650001300323650002000336700002700356nice12345678IN_TiNIC20260116013255.0050524s1993 boma grp 000 0 eng  a8171549 c8500a294.5bPRA aPrabhu, Pandharinath H aHindu Social Organizationb Study in Socio-Psychological & Ideological Found aBombay bPopular Prakashan c1993 a389p aincludes index and biblioraphy2 aBibiography aHinduism aSociology-Hindu1 aPrabhu, Pandharinath H